Manual de corte de pelo para mujer: una guía paso a paso (Registro nro. 7872)
[ vista simple ]
| 000 -Cabecera | |
|---|---|
| Campo de control de longitud fija | 00591nam a22002417a 4500 |
| 005 - Fecha y hora de la última transacción | |
| Campo de control | 20231212151052.0 |
| 008 - Elementos de longitud fija--Información general | |
| Campo de control de longitud fija | 160328b2008 xxu||||| |||| 00| 0 spa d |
| 020 ## - International Standard Book Number | |
| Número Internacional Estándar del Libro (ISBN) | 9789682460906 |
| 041 ## - Idioma | |
| Código de idioma | Español |
| 082 ## - Clasificación Decimal Dewey | |
| Número de clasificación | 646.724 L644m |
| 100 ## - Entrada principal--Autor personal | |
| Nombre personal | Lesur, Luis |
| 9 (RLIN) | 3003 |
| 245 ## - Título propiamente dicho | |
| Título | Manual de corte de pelo para mujer: una guía paso a paso |
| 260 ## - Pie de imprenta | |
| Lugar de publicación, distribución, etc. | México |
| 260 ## - Pie de imprenta | |
| Nombre del editor, distribuidor, etc. | Trillas |
| 260 ## - Pie de imprenta | |
| Fecha de publicación, distribución, etc. | 2008 |
| 300 ## - Descripción física | |
| Extensión | 80 páginas |
| 650 ## - Materia general | |
| Temática (materia general) | CUIDADO DEL CABELLO |
| 650 ## - Materia general | |
| Temática (materia general) | CORTES |
| 650 ## - Materia general | |
| Temática (materia general) | BELLEZA PERSONAL |
| 650 ## - Materia general | |
| Temática (materia general) | HERRAMIENTAS |
| 650 ## - Materia general | |
| Temática (materia general) | TÉCNICAS |
| 942 ## - Punto de acceso adicional KOHA | |
| Tipo de ítem KOHA | Libro |
| Fuente del sistema de clasificación o colocación | Dewey Decimal Classification |
| Signatura completa | Código de barras | Tipo de ítem |
|---|---|---|
| 646.724 L644m | 20791 | Libro |